Television viewing and study habits of grade 6 students of Southville International School and Colleges / (Record no. 99059)
[ view plain ]
| 000 -LEADER | |
|---|---|
| fixed length control field | 00605nam a2200157 a 4500 |
| 003 - CONTROL NUMBER IDENTIFIER | |
| control field | 0 |
| 005 - DATE AND TIME OF LATEST TRANSACTION | |
| control field | 20250203132558.0 |
| 008 - FIXED-LENGTH DATA ELEMENTS--GENERAL INFORMATION | |
| fixed length control field | 130830s19uu xx 00 eng d |
| 050 ## - LIBRARY OF CONGRESS CALL NUMBER | |
| Classification number | PGS PN 1992.8.T4 |
| Item number | .V566 2013 |
| 100 ## - MAIN ENTRY--PERSONAL NAME | |
| Personal name | Versula, Paul Johann T. |
| 245 ## - TITLE STATEMENT | |
| Title | Television viewing and study habits of grade 6 students of Southville International School and Colleges / |
| Statement of responsibility, etc | Paul Johann T. Versula. |
| 260 ## - PUBLICATION, DISTRIBUTION, ETC. (IMPRINT) | |
| Place of publication, distribution, etc | Las Piñas City, Philippines : |
| Name of publisher, distributor, etc | Southville International School and Colleges, |
| Date of publication, distribution, etc | 2013. |
| 300 ## - PHYSICAL DESCRIPTION | |
| Extent | 38 p. : |
| Other physical details | ill. ; |
| Dimensions | 28 cm. |
| 504 ## - BIBLIOGRAPHY, ETC. NOTE | |
| Bibliography, etc | Includes bibliographical references. |
| 942 ## - ADDED ENTRY ELEMENTS (KOHA) | |
| Source of classification or shelving scheme | Library of Congress Classification |
| Koha item type | PASS |
| Withdrawn status | Lost status | Source of classification or shelving scheme | Damaged status | Home library | Current library | Shelving location | Date acquired | Source of acquisition | Total Checkouts | Full call number | Barcode | Date last seen | Price effective from | Koha item type |
|---|---|---|---|---|---|---|---|---|---|---|---|---|---|---|
| Library of Congress Classification | Luxembourg Library | Luxembourg Library | Portfolio Assessment of SISC Students Section | 08/30/2013 | Donation | PGS PN 1992.8.T4 .V566 2013 | P3160 | 04/08/2014 | 04/08/2014 | PASS |